000 00565nam a2200205 a 4500
001 BRCA_3821
005 20190320204433.0
008 291109s1935----mx-#######---#000-0#spa-#
041 _aspa
044 _amx
050 4 _aF1234
_b.V37
_c1935
100 1 _aVasconcelos Calderon, José
_d1882-1959.
_99952
245 1 0 _aUlises Criollo
_bla vida del autor escrita por él mismo
_cJosé Vasconcelos.
260 _aMéxico
_bBotas
_c1935
300 _a536 p.
_c20 cm.
500 _aB176
651 4 _aMéxico
_vVida intelectual.
_99953
902 _aGFM
942 _2lcc
_cB
999 _c3550
_d3550